[Event "Rondonia-ch"]
[Site "Porto Velho"]
[Date "2024.10.18"]
[Round "1"]
[White "Bandeira, Ricardo Cesar Dos S"]
[Black "Da Silva, Vinicius R Rodrigue"]
[Result "0-1"]
[WhiteElo "1525"]
[BlackElo "1944"]
[PlyCount "63"]
[EventDate "2024.10.18"]
[EventType "swiss"]
[EventRounds "6"]
[EventCountry "BRA"]
[SourceTitle "CB44_2024"]
[Source "Chessbase"]
[SourceDate "2024.10.30"]
[SourceVersion "1"]
[SourceVersionDate "2024.10.30"]
[SourceQuality "1"]

1. c4 e5 2. Nc3 Nc6 3. g3 g6 4. Bg2 Bg7 5. d3 Nge7 6. e4 d6 7. Nge2 Be6 8. Be3 Qd7 9. h3 h6 10. Qd2 0-0-0 11. 0-0-0 f5 12. f4 Kb8 13. Nd5 fxe4 14. dxe4 exf4 15. Nexf4 Ne5 16. Qc2 Nxd5 17. exd5 Bf5 18. Be4 Bxe4 19. Qxe4 Qa4 20. b3 Qxa2 21. Qc2 Qa3+ 22. Kd2 Rde8 23. Ne6 Rh7 24. Rhf1 c6 25. Bf4 h5 26. Bxe5 Bxe5 27. Qxg6 Rhh8 28. Qd3 Rh6 29. g4 hxg4 30. hxg4 Bd4 31. Rh1 Rf6 32. Rdf1 0-1

[Event "BRA-ch U18"]
[Site "Aracaju"]
[Date "2024.05.23"]
[Round "5"]
[White "Pantoja, Paulo Andre Carneir"]
[Black "Bandeira, Ricardo Cesar Dos S"]
[Result "0-1"]
[WhiteElo "1791"]
[BlackElo "1485"]
[PlyCount "80"]
[EventDate "2024.05.22"]
[EventType "swiss"]
[EventRounds "6"]
[EventCountry "BRA"]
[SourceTitle "CBM 220 Extra"]
[Source "ChessBase"]
[SourceDate "2024.07.31"]
[SourceVersion "1"]
[SourceVersionDate "2024.07.31"]
[SourceQuality "1"]

1. e4 e5 2. Nf3 Nc6 3. d4 exd4 4. Nxd4 Nge7 5. Nc3 g6 6. Be3 Bg7 7. Be2 0-0 8. 0-0 d6 9. h3 a6 10. Re1 f5 11. exf5 Nxf5 12. Nxf5 Bxf5 13. Bc4+ Kh8 14. a3 Ne5 15. Bb3 Nd7 16. Bd4 Nf6 17. Nd5 c6 18. Nxf6 Bxf6 19. Bxf6+ Qxf6 20. Rb1 d5 21. Qd2 a5 22. Qc3 Qxc3 23. bxc3 Rfe8 24. g4 Be4 25. a4 b5 26. Re2 Kg7 27. Rbe1 Rf8 28. Rd1 Rf7 29. axb5 Bf3 30. Red2 Bxd1 31. Rxd1 cxb5 32. Rxd5 Rb8 33. c4 bxc4 34. Bxc4 Ra7 35. f4 a4 36. Rd1 a3 37. Ra1 Rb2 38. Ra2 Rxa2 39. Bxa2 Rb7 40. c4 Rb2 0-1